000 00481nam a22001697a 4500
999 _c195053
_d195053
005 20230213112338.0
010 _aENG-136196
020 _a9789380361406
_c295.00
035 _aEN-119728
037 _bDBAD/PUB
082 _a658.4092
245 _aKarenama/
260 _aPune
_bRohan Prakashan
_c2011
270 _aDhawalgiri, 430 Shaniwar Peth
_bPune
_e411030
_mrohanprakashan@gmail.com
300 _axii, 203p.
_c23cm(hbk)
942 _2ddc
_cEN
_h658.4092
_mKAR